| 000 | 01059nam a22002057a 4500 | ||
|---|---|---|---|
| 999 |
_c59522 _d59522 |
||
| 003 | Ge_BSU | ||
| 005 | 20230309104943.0 | ||
| 008 | 230309s2003 ge ||||| |||| 00| 0 geo d | ||
| 020 | _a9992832045 | ||
| 041 | _ageo | ||
| 080 | _a340.1(075.4) ს-21 | ||
| 245 |
_aსამართლისმცოდნეობა : აბიტურიენტთათვის / _c[ავტ. კოლ.: მაყვალა კახიძე, მზია ლეკვეიშვილი, ვალერიან მეტრეველი და სხვ. ; რედ.: რომან შენგელია]. |
||
| 264 |
_aთბილისი : _bმერიდიანი, _c2003. |
||
| 300 |
_a260 გვ. ; _b20 სმ. |
||
| 653 | _aსამართალმცოდნეობა | ||
| 653 | _a სახელმძღვანელო | ||
| 700 |
_aკახიძე, მაყვალა _eავტორი _917140 |
||
| 700 |
_aშენგელია, რომან _eრედაქტორი _917141 |
||
| 942 |
_2udc _cBK |
||